00375pab a2200133 454500008004000000100001900040245006700059260000900126300001500135362001100150650003500161650001100196773003400207180718b2001 xxu||||| |||| 00| 0 eng d aShankar, Kripa aUP on the financial brink: state government's budget 2001-2002 c2001 ap.1677-680 a19 May aBudget - India - Uttar Pradesh aBudget aEconomic and Political Weekly